[Event "Biel ATO 57th"]
[Site "Biel"]
[Date "2024.07.22"]
[Round "6"]
[White "Richard, Jean Paul"]
[Black "Materia, Mario"]
[Result "1-0"]
[WhiteElo "1796"]
[BlackElo "1590"]
[PlyCount "71"]
[EventDate "2024.07.16"]
[EventType "swiss"]
[EventRounds "9"]
[EventCountry "SUI"]
[SourceTitle "EXT 2025"]
[Source "ChessBase"]
[SourceDate "2024.10.14"]
[SourceVersion "1"]
[SourceVersionDate "2024.10.14"]
[SourceQuality "1"]

1. e4 e5 2. Nf3 Nc6 3. Nc3 Nf6 4. a3 Be7 5. d4 exd4 6. Nxd4 Nxd4 7. Qxd4 d6 8. Bg5 0-0 9. 0-0-0 h6 10. Be3 Ng4 11. Nd5 Nxe3 12. Nxe7+ Qxe7 13. Qxe3 Re8 14. f3 Kh8 15. Qc3 b6 16. Bb5 Bd7 17. Bxd7 Qxd7 18. Rd5 c6 19. Rd3 Rad8 20. Rhd1 Qc7 21. Qd2 Re6 22. g4 Kg8 23. Kb1 Kf8 24. h4 f6 25. h5 Ke7 26. Qf4 Re5 27. Qd2 d5 28. c4 Qb7 29. cxd5 cxd5 30. Rxd5 Rdxd5 31. exd5 a5 32. f4 Re4 33. Qg2 Kd6 34. Qxe4 Kc5 35. Rc1+ Kb5 36. Qc4# 1-0

[Event "Biel ATO 57th"]
[Site "Biel"]
[Date "2024.07.19"]
[Round "4"]
[White "Klas, Friedrich Guenther"]
[Black "Materia, Mario"]
[Result "0-1"]
[WhiteElo "1750"]
[BlackElo "1590"]
[PlyCount "98"]
[EventDate "2024.07.16"]
[EventType "swiss"]
[EventRounds "9"]
[EventCountry "SUI"]
[SourceTitle "EXT 2025"]
[Source "ChessBase"]
[SourceDate "2024.10.14"]
[SourceVersion "1"]
[SourceVersionDate "2024.10.14"]
[SourceQuality "1"]

1. e4 e5 2. Nc3 Nc6 3. f4 exf4 4. Nf3 g5 5. Bc4 Bg7 6. 0-0 d6 7. d3 h6 8. a3 Nge7 9. Kh1 0-0 10. Ne2 Ng6 11. c3 Bg4 12. Qe1 Bxf3 13. Rxf3 Nce5 14. Rf1 Nh4 15. Bxf4 gxf4 16. Rxf4 Nhg6 17. Rf1 Nxc4 18. dxc4 Qe7 19. Ng3 Rae8 20. Qd2 Qg5 21. Qd5 Qxd5 22. cxd5 Ne5 23. Rad1 Nc4 24. Rf2 Be5 25. Nf5 Kh7 26. Rd3 Bg7 27. Ng3 Ne5 28. Rd1 Ng4 29. Re2 Be5 30. Rd3 Bxg3 31. Rxg3 Nf6 32. Rge3 Re5 33. c4 Rfe8 34. Rf3 Kg7 35. Ref2 Nxe4 36. Rxf7+ Kg6 37. Rf1 R8e7 38. Rf8 Rh5 39. Rg8+ Rg7 40. Rxg7+ Kxg7 41. Kg1 Re5 42. Rc1 Kf6 43. Rf1+ Rf5 44. Re1 Ke5 45. b4 b6 46. Rd1 Rf2 47. Re1 Ra2 48. g4 Rxa3 49. h4 Rg3+ 0-1

[Event "Biel ATO 57th"]
[Site "Biel"]
[Date "2024.07.16"]
[Round "1"]
[White "Materia, Mario"]
[Black "Haas, Anthony"]
[Result "0-1"]
[WhiteElo "1590"]
[BlackElo "1824"]
[PlyCount "150"]
[EventDate "2024.07.16"]
[EventType "swiss"]
[EventRounds "9"]
[EventCountry "SUI"]
[SourceTitle "EXT 2025"]
[Source "ChessBase"]
[SourceDate "2024.10.14"]
[SourceVersion "1"]
[SourceVersionDate "2024.10.14"]
[SourceQuality "1"]

1. d4 d5 2. c4 e6 3. Nc3 Nf6 4. Bg5 Be7 5. e3 0-0 6. Nf3 h6 7. Bf4 Bd6 8. Bxd6 Qxd6 9. Bd3 b6 10. 0-0 Bb7 11. Rc1 c5 12. Qe2 Nbd7 13. Rfd1 Qe7 14. e4 dxe4 15. Nxe4 Rfd8 16. dxc5 Nxc5 17. Nxc5 Qxc5 18. a3 a5 19. Qe5 Bxf3 20. Qxc5 bxc5 21. gxf3 Rab8 22. Rc2 Kf8 23. Rcd2 Rd4 24. Be2 e5 25. Rxd4 exd4 26. Rd2 g5 27. Kg2 Nh5 28. Bd1 Nf4+ 29. Kg3 f5 30. h4 Rb6 31. Ba4 Re6 32. Bd7 Re2 33. Rxe2 Nxe2+ 34. Kg2 Nf4+ 35. Kf1 Nd3 36. hxg5 hxg5 37. Bxf5 Nxb2 38. Be6 Ke7 39. Bd5 Nd3 40. Be4 Nf4 41. Ke1 Kd6 42. Kd2 Ke5 43. Bc6 Nh3 44. Ke2 Kf4 45. Kf1 Ke5 46. Ke2 Nf4+ 47. Kd2 Ng6 48. Be4 Nh4 49. Bc6 Kf4 50. Ke2 Ng6 51. Bb7 Ne5 52. Bd5 a4 53. Kd2 Nxf3+ 54. Ke2 Ne5 55. Kd2 Ng4 56. Ke2 d3+ 57. Kxd3 Nxf2+ 58. Ke2 Ne4 59. Bc6 g4 60. Kf1 Nd2+ 61. Kg2 Nxc4 62. Bxa4 Nxa3 63. Bb3 c4 64. Bxc4 Nxc4 65. Kf2 g3+ 66. Kg2 Ne3+ 67. Kg1 Kf3 68. Kh1 g2+ 69. Kg1 Nc2 70. Kh2 Kf2 71. Kh3 g1Q 72. Kh4 Nd4 73. Kh5 Ne6 74. Kh6 Qg7+ 75. Kh5 Qg5# 0-1

[Event "Biel Rapid op 57th"]
[Site "Biel"]
[Date "2024.07.14"]
[Round "6"]
[White "Marinkovic, Zoran1"]
[Black "Materia, Mario"]
[Result "1-0"]
[WhiteElo "2105"]
[BlackElo "1590"]
[PlyCount "79"]
[EventDate "2024.07.14"]
[EventType "swiss (rapid)"]
[EventRounds "9"]
[EventCountry "SUI"]
[SourceTitle "EXT 2025"]
[Source "ChessBase"]
[SourceDate "2024.10.14"]
[SourceVersion "1"]
[SourceVersionDate "2024.10.14"]
[SourceQuality "1"]

1. e4 e5 2. Nf3 Nc6 3. d4 exd4 4. Nxd4 Nf6 5. Nxc6 bxc6 6. e5 Nd5 7. c4 Nb6 8. Bd3 d5 9. exd6 cxd6 10. 0-0 Be7 11. Re1 0-0 12. Qf3 Qc7 13. Qe4 f5 14. Qxe7 Qxe7 15. Rxe7 Ba6 16. Nd2 d5 17. b3 Rfe8 18. Rxe8+ Rxe8 19. Bb2 Rd8 20. Bxf5 g6 21. Be6+ Kf8 22. cxd5 cxd5 23. Bf6 Rd6 24. Re1 d4 25. Bg5 d3 26. Bh6+ Ke7 27. Bc4+ Kd7 28. Bxa6 Nd5 29. Ne4 Rb6 30. Bxd3 Nb4 31. Bc4 Nc2 32. Rd1+ Ke7 33. Bg5+ Kf8 34. Bf6 Rxf6 35. Nxf6 Kg7 36. Ne4 Nb4 37. a4 Nc6 38. Rd7+ Kh6 39. Bg8 Ne5 40. Rxh7# 1-0

[Event "Biel Rapid op 57th"]
[Site "Biel"]
[Date "2024.07.14"]
[Round "8"]
[White "Materia, Mario"]
[Black "Mutter, Kevin"]
[Result "1-0"]
[WhiteElo "1590"]
[BlackElo "1856"]
[PlyCount "127"]
[EventDate "2024.07.14"]
[EventType "swiss (rapid)"]
[EventRounds "9"]
[EventCountry "SUI"]
[SourceTitle "EXT 2025"]
[Source "ChessBase"]
[SourceDate "2024.10.14"]
[SourceVersion "1"]
[SourceVersionDate "2024.10.14"]
[SourceQuality "1"]

1. d4 Nf6 2. c4 e6 3. Nc3 c5 4. d5 exd5 5. cxd5 d6 6. e4 a6 7. a4 g6 8. Bd3 Bg7 9. Nf3 0-0 10. 0-0 Bg4 11. Bd2 Nbd7 12. h3 Bxf3 13. Qxf3 Ne5 14. Qe2 Nxd3 15. Qxd3 Re8 16. f3 Qb6 17. Qc2 Nh5 18. a5 Qa7 19. Na4 Ng3 20. Rfe1 c4+ 21. Be3 Bd4 22. Nb6 Bxe3+ 23. Rxe3 Rac8 24. Rae1 Rc5 25. Kh2 Rxa5 26. Nxc4 Rc5 27. Kxg3 b5 28. b3 bxc4 29. bxc4 Rec8 30. Rc3 Qe7 31. f4 g5 32. fxg5 Qxg5+ 33. Kh2 Qe5+ 34. g3 Qd4 35. Rc1 a5 36. Rd1 Qe5 37. Rd2 Kh8 38. Rf2 f6 39. Rf5 Qd4 40. Qd3 Qxd3 41. Rxd3 Rxc4 42. Rxf6 Rxe4 43. Re6 Rc2+ 44. Kg1 Rb4 45. Rd1 Rb6 46. Re8+ Kg7 47. Ra8 Rc5 48. Kf2 Kf6 49. Re8 Kf7 50. Re4 Ra6 51. Ra4 Kf6 52. Ke3 Ke5 53. Re4+ Kf5 54. g4+ Kg5 55. Ra4 Kh4 56. Ke4 Kxh3 57. Rh1+ Kxg4 58. Rxh7 Rb5 59. Rg7+ Kh5 60. Kf5 Rxd5+ 61. Ke6 Re5+ 62. Kf6 Kh6 63. Rh4+ Rh5 64. Rg6+ 1-0

[Event "Orsay Blitz op"]
[Site "Europe Echecs INT"]
[Date "2023.09.17"]
[Round "1"]
[White "Materia, Mario"]
[Black "Brahami, Lamine"]
[Result "0-1"]
[WhiteElo "1326"]
[BlackElo "2184"]
[PlyCount "68"]
[EventDate "2023.09.17"]
[EventType "swiss (blitz)"]
[EventRounds "11"]
[EventCountry "FRA"]
[SourceTitle "EXT 2025"]
[Source "ChessBase"]
[SourceDate "2024.10.14"]
[SourceVersion "1"]
[SourceVersionDate "2024.10.14"]
[SourceQuality "1"]

1. d4 Nf6 2. c4 g6 3. Nc3 Bg7 4. e4 d6 5. h3 0-0 6. Be3 e5 7. d5 c6 8. Bd3 cxd5 9. cxd5 a6 10. Nf3 Nh5 11. Qd2 Nd7 12. g4 Nf4 13. Bxf4 exf4 14. Qxf4 Ne5 15. Bc2 b5 16. 0-0 b4 17. Ne2 a5 18. Rad1 Ba6 19. Nxe5 Bxe5 20. Qe3 Bxb2 21. Rfe1 Rc8 22. f4 Rxc2 23. f5 Bxe2 24. Rxe2 Rxe2 25. Qxe2 Be5 26. Qf3 a4 27. Rc1 Qb6+ 28. Kh1 b3 29. axb3 axb3 30. Rb1 b2 31. Qd3 Ra8 32. h4 Ra1 33. Kg2 Rxb1 34. Qxb1 Qe3 0-1

[Event "Orsay Blitz op"]
[Site "Europe Echecs INT"]
[Date "2023.09.17"]
[Round "6"]
[White "Materia, Mario"]
[Black "Duquesnoy, Jean Philippe"]
[Result "0-1"]
[WhiteElo "1326"]
[BlackElo "2111"]
[PlyCount "120"]
[EventDate "2023.09.17"]
[EventType "swiss (blitz)"]
[EventRounds "11"]
[EventCountry "FRA"]
[SourceTitle "EXT 2025"]
[Source "ChessBase"]
[SourceDate "2024.10.14"]
[SourceVersion "1"]
[SourceVersionDate "2024.10.14"]
[SourceQuality "1"]

1. d4 d6 2. c4 e5 3. d5 f5 4. Nc3 Nf6 5. Bg5 Be7 6. f3 0-0 7. e4 f4 8. Bd3 Nxd5 9. exd5 Bxg5 10. Qc2 Bh4+ 11. Ke2 h6 12. Ne4 Na6 13. a3 b6 14. b4 Nb8 15. g3 Be7 16. g4 a5 17. b5 Nd7 18. h4 Nc5 19. g5 Nxe4 20. Bxe4 Kh8 21. a4 Bd7 22. Kf2 Qc8 23. Ne2 Bf5 24. Rag1 Bxe4 25. Qxe4 Qf5 26. Qxf5 Rxf5 27. gxh6 gxh6 28. Rg6 Rf6 29. Rhg1 Rxg6 30. Rxg6 Bxh4+ 31. Kg2 Rg8 32. Rxg8+ Kxg8 33. Kh3 Bd8 34. Kg4 Kg7 35. Kh5 e4 36. Kg4 exf3 37. Kxf3 Bg5 38. Kg4 Kf6 39. Nd4 Ke5 40. Nf3+ Ke4 41. Nd2+ Ke3 42. Nf3 Kd3 43. Kf5 Kxc4 44. Ke6 Kb4 45. Kd7 Kxa4 46. Kxc7 Kxb5 47. Kxd6 a4 48. Kc7 Be7 49. Nd4+ Kc4 50. Nc2 Kxd5 51. Kxb6 a3 52. Kb5 a2 53. Ka4 f3 54. Kb3 a1N+ 55. Nxa1 f2 56. Nc2 Ke4 57. Kc3 f1Q 58. Kb3 Qd3+ 59. Ka2 Qxc2+ 60. Ka1 Bf6# 0-1

[Event "Orsay Blitz op"]
[Site "Europe Echecs INT"]
[Date "2023.09.17"]
[Round "3"]
[White "Roussel, Pascal"]
[Black "Materia, Mario"]
[Result "0-1"]
[WhiteElo "1700"]
[BlackElo "1326"]
[PlyCount "100"]
[EventDate "2023.09.17"]
[EventType "swiss (blitz)"]
[EventRounds "11"]
[EventCountry "FRA"]
[SourceTitle "EXT 2025"]
[Source "ChessBase"]
[SourceDate "2024.10.14"]
[SourceVersion "1"]
[SourceVersionDate "2024.10.14"]
[SourceQuality "1"]

1. d4 d5 2. c4 e6 3. Nf3 Nf6 4. Nc3 Bb4 5. e3 0-0 6. c5 b6 7. Bd2 bxc5 8. a3 cxd4 9. Nxd4 Bd6 10. Bd3 c5 11. Nde2 Nc6 12. 0-0 Ne5 13. Bc2 Rb8 14. b3 c4 15. b4 a6 16. Nd4 a5 17. f4 Ned7 18. Nc6 Qc7 19. Nxb8 Qxb8 20. b5 Nc5 21. a4 Qb6 22. Kh1 Bb7 23. Ne2 e5 24. fxe5 Bxe5 25. Nd4 Ne6 26. Nxe6 fxe6 27. Rb1 c3 28. Be1 Qxe3 29. Bf2 Qg5 30. Qe2 d4 31. Bg3 Bxg3 32. hxg3 Qxg3 33. Qf2 Qg5 34. Kg1 Rd8 35. Rbe1 e5 36. Bb3+ Kh8 37. Be6 d3 38. Re3 d2 39. Rg3 Qh6 40. Rh3 Qg5 41. Bf5 d1Q 42. Rxd1 Rxd1+ 43. Kh2 Qf4+ 44. Rg3 Qh4+ 45. Rh3 Qxf2 46. Rxh7+ Nxh7 47. Bg4 Qh4+ 48. Bh3 Qf4+ 49. g3 Qf2+ 50. Bg2 Qxg2# 0-1